00681nam a2200229 a 450000100060000000300080000600500170001400800410003102000170007203500190008904000230010804100080013108200260013910000200016524500490018525000170023426000500025130000340030150000200033550400560035565100400041137564BD-RjUL20211209052625.0150126s1991 bg b b 001 0 eng  a9840511599 : a(BD-RjUL)37668 aDLCcDLCdDLCbeng aeng00a915.492220bRAG 19911 aRashid, Haroun.10aGeography of Bangladesh /cHaroun er Rashid. a2nd rev. ed. aDhaka, Bangladesh :bUniversity Press,c1991. axvi, 529 p. :bmaps ;c22 cm. aIncludes index. aIncludes bibliographical references (p. [483]-518). 0aBangladeshxDescription and travel.